| 000 | 00685nam a2200205 i 4500 | ||
|---|---|---|---|
| 001 | 75482 | ||
| 003 | ES-MaACL | ||
| 007 | t| | ||
| 008 | 040924s1985 fr ||||1| fre d | ||
| 020 | _a2-85229-981-X | ||
| 245 | 0 | 3 |
_aLe grand atlas de l'astronomie / _crealisé par Encyclopaedia Universalis ; sous la responsabilité scientifique de Jean Audoze et de Guy Israël. |
| 260 |
_a[S.l. : _bs.n., _c1985] ( _eMalesherbes : _fMaury) |
||
| 300 |
_a452 p. : _bil. ; _c37 cm. |
||
| 500 | _aIndice. | ||
| 504 | _aBibliografía. | ||
| 700 | 1 |
_aAudouze, Jean. _923869 |
|
| 700 | 1 |
_aIsrael, Guy. _965595 |
|
| 710 | 2 |
_aEncyclopaedia Universalis. _93473 |
|
| 852 |
_aES-MaACL _jB-8094 _bR.112676 |
||
| 999 |
_c75482 _d75482 |
||